| 000 | 00459cam a22001097a 4500 | ||
|---|---|---|---|
| 008 | 180718b xxu||||| |||| 00| 0 eng d | ||
| 082 | _aXA04 In2 | ||
| 245 |
_aSelected papers from symposium on housing finance _cby National Buildings Organization & U.N. Regional Housing Centre |
||
| 260 |
_aDelhi _bNational Buildings Organization & U.N. Regional Housing Centre _c |
||
| 300 | _a180+p. | ||
| 700 | _aIndia.National Buildings Organization & U.N. Regional Housing Centre | ||
| 999 |
_c498847 _d498847 |
||